书目信息 |
| 题名: |
烧碱与聚氯乙烯生产技术
|
|
| 作者: | 王静 , 胡久平 主编 | |
| 分册: | ||
| 出版信息: | 北京 中国石化出版社 2012 |
|
| 页数: | 258页 | |
| 开本: | 26cm | |
| 丛书名: | ||
| 单 册: | ||
| 中图分类: | TQ114.26 , TQ325.3 | |
| 科图分类: | ||
| 主题词: | 烧碱生产--生产工艺--高等职业教育--教材 , 聚氯乙烯--生产工艺--高等职业教育--教材 , 烧碱生产 , 聚氯乙烯 | |
| 电子资源: | ||
| ISBN: | 978-7-5114-1347-5 | |
| 000 | 01184nam0 22003011 450 | |
| 001 | 012015000306 | |
| 005 | 20150911084836.90 | |
| 010 | @a978-7-5114-1347-5@dCNY42.00 | |
| 100 | @a20120716d2012 em y0chiy50 ea | |
| 101 | 0 | @achi |
| 102 | @aCN@b110000 | |
| 105 | @ay z 000yy | |
| 106 | @ar | |
| 200 | 1 | @a烧碱与聚氯乙烯生产技术@Ashao jian yu ju lv yi xi sheng chan ji shu@f王静,胡久平主编 |
| 210 | @a北京@c中国石化出版社@d2012 | |
| 215 | @a258页@d26cm | |
| 300 | @a高职高专系列教材 | |
| 330 | @a本书结合国内中小型烧碱与聚氯乙烯企业的生产实际,介绍了烧碱和聚氯乙烯的生产原料、合成工艺,烧碱与聚氯乙烯企业的节能减排、生产组织与管理、清洁生产等内容,着重阐述了食盐水溶液的电解和聚氯乙烯合成的基本原理、工艺条件的选择及控制、典型工艺流程、主要设备构造及操作要点、生产操作与技能训练及生产事故的处理。 | |
| 606 | 0 | @a烧碱生产@x生产工艺@x高等职业教育@j教材 |
| 606 | 0 | @a聚氯乙烯@x生产工艺@x高等职业教育@j教材 |
| 606 | 0 | @a烧碱生产 |
| 606 | 0 | @a聚氯乙烯 |
| 690 | @aTQ114.26@v5 | |
| 690 | @aTQ325.3@v5 | |
| 701 | 0 | @a王静@Awang jing@c(化学)@4主编 |
| 701 | 0 | @a胡久平@Ahu jiu ping@c(化学)@4主编 |
| 801 | 0 | @aCN@b碧洲教育@c20150716 |
| 905 | @a10447@f3@dTQ114.26@e23 | |
| 烧碱与聚氯乙烯生产技术/王静,胡久平主编.-北京:中国石化出版社,2012 |
| 258页;26cm |
| 高职高专系列教材 |
| ISBN 978-7-5114-1347-5:CNY42.00 |
| 本书结合国内中小型烧碱与聚氯乙烯企业的生产实际,介绍了烧碱和聚氯乙烯的生产原料、合成工艺,烧碱与聚氯乙烯企业的节能减排、生产组织与管理、清洁生产等内容,着重阐述了食盐水溶液的电解和聚氯乙烯合成的基本原理、工艺条件的选择及控制、典型工艺流程、主要设备构造及操作要点、生产操作与技能训练及生产事故的处理。 |
| ● |
| 相关链接 |
|
|
|
|
正题名:烧碱与聚氯乙烯生产技术
索取号:TQ114.26/23
 
预约/预借
| 序号 | 登录号 | 条形码 | 馆藏地/架位号 | 状态 | 备注 |
| 1 | 0849817 | 208498179 | 第二样本阅览室/ [索取号:TQ114.26/23] | 在馆 | |
| 2 | 0849818 | 208498188 | 密集书库-化学系/ [索取号:TQ114.26/23] | 在馆 | |
| 3 | 0849819 | 208498197 | 第三借阅区/ [索取号:TQ114.26/23] | 在馆 |